00434 2200181 4500001002100000005001500021035001900036245003000055100001200085300003800097260004400135082000700179084001300186022001300199863001400212990001300226990001300239INLIS00000000000304120260415105805$a 0010-0426000132$a Ancas 17 Taun /$c Yusmanto$a Yusmanto$a 43 hlm : $b ilus ; $c 19 x 26.5 cm$a Purwokerto :$b Yayasan Carablaka,$c 2026$a 050$a 050 YUS a$a 2087-023X$a April 2026$a MA07/2026$a MA08/2026